00471nam a22001577a 4500003000600000005001700006008004100023040000800064082002100072100002100093245005300114260004200167300002000209440003600229650004800265GBCCL20241126110512.0180116b xxu||||| |||| 00| 0 eng d cgbc aVER 227.407bPHU aPhung Za Pao, N. aGalatiate Kianga Paul laikhak /cN. Phung Za Pao bEvangelical Book House,aLamka:c1987 a165 p.;c18 cm. aSaptuam Liasiangthou Hilhchetna aBiblevNew TestamentvGalatiansxCommentary